Marques de cigarettes - Statistiques

Statistiques générales
  • Ce quiz a été pris 1 448 fois
  • Le résultat moyen est 8 sur 57
Statistiques - réponses
Marques % Correct
Camel
87%
Marlboro
79%
Winston
67%
Lucky Strike
60%
Philip Morris
54%
Gauloises
38%
Vogue
36%
News
35%
Che
32%
Gitanes
28%
Chesterfield
27%
L&M
21%
Fleur du Pays
20%
Pall Mall
17%
Dunhill
14%
Amsterdamer
13%
JPS
13%
Pueblo
13%
1637
11%
Winfield
11%
Austin
10%
Davidoff
8%
Drum
8%
Elixyr
7%
Rothmans
7%
Peter Stuyvesant
6%
Rasta
6%
Royale
6%
American Spirit
5%
Maya
4%
Django
2%
Fine
2%
Virginia
2%
Aija
1%
Alain Delon
1%
Caporal
1%
Ducal
1%
Golden Virginia
1%
Maryland
1%
Old Holborn
1%
Samson
1%
American Legend
0%
Ashima
0%
Begerac
0%
Black hawk
0%
Brookfield
0%
Fairgreen
0%
Hoggar
0%
Jin Ling
0%
Lambert & Buttler
0%
Landewyck
0%
LCB
0%
LPC
0%
Mon Terroir jaune
0%
Pepe vert
0%
Salvage
0%
Voyageur
0%
Aucun quiz correspondant
Distribution des résultats
% des personnes avec chaque résultat
Percentile par nombre de réponses
Votre historique - résultats
Vous n’avez pas pris ce quiz